00612nam a2200157Ia 4500008004100000020002200041100002100063245009900084250001300183260002700196300002900223650003600252650002800288999001900316952011900335200924s9999 xx 000 0 und d a978-981-3157-41-5 aRoss, Stephen A. cStephen A. Ross, Randolph W. Westerfield, Bradford D. JordanaEssentials of corporate finance/ a19th ed. aUS:bMcGraw Hillc2017 axxxvi, 644 pagesc25 cm. aBusiness enterprises -- finance aCorporations -- finance c364488d364488 001040aCLbCLcRESd2020-09-24eLibrary fundl0oHG 4026 .R823 2017pC22597r2020-09-24 00:00:00w2020-09-24yBK